00388nam a2200133Ia 4500008004100000041000800041082001700049100002600066245006500092260002800157300002700185365001600212700002600228230718s9999 xx 000 0 und d aeng a330.954bPRA aPrakash B.A. (Editor) aIndian Economy Since 1991bEconomic Performs And Performance c2009bPearson Education a598dRef 365 G (33574) cRs.b450.00 aPrakash B.A. (Editor)